| 000 | 00420 a2200145 4500 | ||
|---|---|---|---|
| 999 |
_c9595 _d9595 |
||
| 022 | _Ino issn | ||
| 050 | _aKTL 18 PRE 1965 | ||
| 110 | _aPrentice-Hall Service (pvt ltd) | ||
| 245 |
_aPrentice-Hall consolidated index : _bvolumes 75-84 (1960-1964) _cPrentice-Hall |
||
| 264 |
_aDurban: _bPrentice Hall Service, _c1965 |
||
| 300 | _a331p.: | ||
| 500 | _ano index | ||
| 650 | _aDigests | ||
| 942 |
_2lcc _cSERIALS _h18 _iPRE _kKTL |
||